Municipalities of South Carolina Counties- Spartanburg - Statistics

General Stats
  • This quiz has been taken 24 times
  • The average score is 7 of 14
Answer Stats
Population (2020) Municipality % Correct
38,732 Spartanburg
100%
4,041 Duncan
56%
35,308 Greer
56%
2,481 Landrum
56%
4,212 Woodruff
56%
2,990 Inman
50%
6,173 Lyman
50%
829 Chesnee
44%
2,023 Cowpens
44%
1,634 Reidville
44%
675 Campobello
31%
2,274 Pacolet
31%
3,293 Wellford
31%
209 Central Pacolet
13%
No matching quizzes found
Score Distribution
Percent of People with Each Score
Percentile by Number Answered
Your Score History
You have not taken this quiz